000 00513nam a2200181Ia 4500
003 GCL
008 140319s9999 xx 000 0 ara d
040 _aGCL /
_cGCL
082 0 4 _a812.04
_bر م
245 1 0 _aمقعد صغير أمام الستار (هديه من الآديب عبدالفتاح الجمل)
300 _a268
490 _aكتاب
_v0
650 0 4 _aالادب
650 0 4 _aالدراما
650 0 4 _aالمسرحيات العربية
650 0 4 _aتاريخ - نقد
942 _2ddc
_cBK
999 _c42373
_d42373